000
00255nam a2200097Ia 4500
001
800068
005
20250826171012.0
008
250824s9999 xx 000 0 und d
245
0
_a
ULAK TUNA NIN SIRRI
_c
OKAY TİRYAKİOĞLU
260
_b
GENÇ TİMAŞ YAYINLARI
999
_c
800068
_d
800068